000 00450nam a2200181Ia 4500
008 210210b1993 xxu||||| |||| 00| 0 eng d
041 _aeng
082 _a030 GREA
100 _aGreat Books
245 _aGreat books of western world.60V. V 39-Kant.
250 _a
260 _aChicago.
_bEncyclopaedia Britanica, Inc, William Benton.,
_c1993
300 _a613
440 _a39
650 _aKant
690 _aEncyclopaedia
906 _a049178
999 _c98061
_d98061